[Event "HangZhou GM Tournament 2022"]
[Site "HangZhou"]
[Date "2022.03.28"]
[Round "1.1"]
[White "Ding, Liren"]
[Black "Li, Di"]
[Result "1-0"]
[WhiteElo "2799"]
[BlackElo "2579"]
[Annotator "TA"]
[PlyCount "87"]
[EventDate "2022.03.28"]
[EventType "tourn"]
[EventCountry "CHN"]
[SourceTitle "playchess.com"]
[Source "ChessBase"]
[SourceQuality "1"]

{[%evp 9,87,10,9,-5,-8,-2,0,0,0,-18,0,0,0,0,0,-2,0,0,-12,-19,-19,-20,-18,-19,0,0,0,0,0,0,0,0,0,-47,-47,-185,-196,-200,-47,-66,-51,-52,0,0,33,27,35,30,20,24,33,43,32,28,22,11,56,58,469,-62,-60,-231,147,151,141,141,320,303,339,147,147,0,0,0,0,0,462,462,29996,29997]} 1. c4 Nf6 2. Nc3 e5 3. Nf3 Nc6 4. e4 Bb4 5. d3 d6 6. h3 {A28: English Opening: Four Knights Variation.} O-O 7. Be2 Bc5 8. O-O {The position is equal.} a5 9. Be3 {[%cal Of3e5]} Re8 10. Qd2 h6 11. Bd1 Bd7 {[#]} 12. Bc2 $146 ({Predecessor:} 12. Nh2 Nd4 13. f4 c6 14. f5 b5 15. Ng4 bxc4 16. dxc4 Bc8 17. Kh2 Ba6 18. Bxh6 Nxg4+ 19. Bxg4 gxh6 20. Qxh6 {½-½ (20) Spanton,T (2260)-Barber,P (2326) ICCF email 2018}) 12... Nh5 13. Kh2 Nd4 14. Bxd4 exd4 15. Ne2 Qf6 16. Nfg1 Bb4 17. Qc1 {Strongly threatening g4.} b5 {[%cal Bb7b5,Bb5c4][%mdl 32]} 18. g4 bxc4 $1 {[%cal Od6d5] Threatens to win with ...d5!} 19. gxh5 d5 20. Ng3 dxe4 (20... Bb5 $5 {[%cal Rc4d3]} 21. dxc4 Bxc4 $11) 21. dxe4 (21. Nxe4 $11 Rxe4 22. dxe4) 21... Rab8 $15 22. f4 (22. Rb1 $1 $15) 22... d3 $19 {[%mdl 1024] Black has strong compensation.} 23. e5 Qb6 (23... Qh4 $19 {Hoping for ...Bc5.} 24. Bd1 Bc5) 24. Bd1 $1 $15 Bc5 25. Rb1 Bc6 (25... Red8 $15 26. Bg4 (26. Qxc4 $2 Be6 $19) 26... Ba4) 26. Nf3 $11 (26. Qxc4 $2 Bxg1+ 27. Rxg1 Qf2+) 26... Bd5 (26... Red8 $5 {[%cal Rc6d5]}) 27. Nf5 {Prevents Be3.} Be4 $1 28. N3h4 {And now Bf3 would win.} d2 29. Qxc4 Bxb1 {A strong pair of Bishops.} 30. Bb3 Qe6 31. Qxc5 {The board is on fire.} Rxb3 32. Rxb1 $40 {[%mdl 128] White has some attack.} Rxb2 33. Rd1 $14 Qb6 $2 {[%mdl 8192]} (33... Kh7 $14) 34. Qxb6 $2 (34. Qc3 $18 Qb4 35. Qg3) 34... cxb6 $15 35. a4 (35. Nd6 $15 Re7 36. a4) 35... f6 $2 ({Better is} 35... b5 $19 36. axb5 a4) 36. Nd6 $16 Re6 {[#]} 37. Ng6 {aiming for Kg2. White is more active.} fxe5 $2 (37... b5 $16) 38. fxe5 $18 b5 39. axb5 (39. Nxb5 $18 {Nc7 is the strong threat.} Rb6 40. Kg1) 39... a4 $16 {[#]} 40. Kg3 ({White should play} 40. Kg2 $1 $16) 40... a3 $11 41. Rf1 Rb3+ 42. Kg2 {Rf8+ would kill now.} Rxg6+ $2 {[%mdl 8192]} 43. hxg6 $18 {Intending Nc8 and mate.} a2 (43... Rb2 $18 44. Kg3 Rb3+ 45. Kg4 Rb4+ 46. Kh5 Rd4) 44. Nc8 {Quite a comeback for White.  Weighted Error Value: White=0.46/Black=0.75} 1-0

[Event "HangZhou GM Tournament 2022"]
[Site "HangZhou"]
[Date "2022.03.28"]
[Round "1.2"]
[White "Xu, Xiangyu"]
[Black "Bai, Jinshi"]
[Result "1/2-1/2"]
[WhiteElo "2564"]
[BlackElo "2593"]
[Annotator "TA"]
[PlyCount "79"]
[EventDate "2022.03.28"]
[EventType "tourn"]
[EventCountry "CHN"]
[SourceTitle "playchess.com"]
[Source "ChessBase"]
[SourceQuality "1"]

{[%evp 15,79,6,5,9,11,6,2,6,12,0,0,0,15,-5,0,-6,0,0,0,0,0,0,0,0,4,2,2,0,0,9,11,0,0,0,0,0,0,-8,-6,-10,-15,-18,0,0,0,0,0,0,0,0,0,0,0,0,0,0,0,0,0,0,0,0,0,0,0,0]} 1. e4 e5 2. Nf3 Nf6 3. Nc3 Nc6 4. Bb5 Nd4 5. O-O Nxb5 6. Nxb5 c6 7. Nc3 d6 8. d4 Qc7 {The position is equal.} 9. a4 {C48: Four Knights: 4 Bb5, replies other than 4...Bb4.} Be7 10. Re1 O-O 11. h3 h6 12. b3 Be6 {[#]} 13. Ba3 $146 ({Predecessor:} 13. Bb2 Rfe8 14. Qd2 Rad8 15. Rad1 Bc8 16. Qc1 a6 17. Qa1 exd4 18. Nxd4 Bf8 19. Nf3 {½-½ (41) Nitin,S (2415)-Sammed Jaykumar,S (2310) Patna 2017}) 13... Rfe8 14. dxe5 dxe5 15. Bxe7 Qxe7 16. a5 Rad8 17. Qc1 Qc5 18. Na4 Qxa5 19. Nb2 $1 Qb6 20. Nxe5 Rd4 21. Ra4 Rxa4 22. Nxa4 Qa5 23. f4 Nh5 {[%cal Oh5f4]} 24. Nd3 Bc4 25. bxc4 Qxa4 26. g4 Nf6 ({Don't take} 26... Ng3 27. Qe3 $16) 27. e5 Nd7 28. Qb2 Nb6 29. Re4 ({Reject} 29. Ra1 Qxc4 30. Rxa7 Nd5 31. Rxb7 Nxf4 $17) 29... Qa5 30. f5 Qd2 31. Nf2 Nd7 {[#] ...Nc5 is the strong threat.} 32. Qxb7 Nc5 (32... Nxe5 $2 {[#]} 33. Rxe5 $1 {[%mdl 512]} Rxe5 34. Qb8+ Kh7 35. Qxe5 $18) 33. Qxc6 Nxe4 34. Qxe8+ Kh7 35. Nxe4 Qe1+ 36. Kh2 Qxe4 37. e6 Qe2+ 38. Kg3 Qe3+ 39. Kg2 Qe2+ 40. Kg3 {An even fight not without its subleties.  Weighted Error Value: White=0.02 (flawless) /Black=0.01 (flawless)} 1/2-1/2

[Event "HangZhou GM Tournament 2022"]
[Site "HangZhou"]
[Date "2022.03.28"]
[Round "2.1"]
[White "Li, Di"]
[Black "Bai, Jinshi"]
[Result "1/2-1/2"]
[WhiteElo "2579"]
[BlackElo "2593"]
[Annotator "TA"]
[PlyCount "121"]
[EventDate "2022.03.28"]
[EventType "tourn"]
[EventCountry "CHN"]
[SourceTitle "playchess.com"]
[Source "ChessBase"]
[SourceQuality "1"]

{[%evp 13,121,24,19,22,52,34,63,29,53,0,0,-53,-45,-53,13,-66,-64,-85,-53,-57,-52,-166,-156,-152,-152,-157,-157,-158,-150,-165,-163,-158,-157,-177,-173,-162,-116,-166,-156,-216,-205,-204,-212,-227,-221,-224,-223,-216,-170,-167,-160,-153,-164,-156,-160,-160,-131,-184,-105,-122,0,-158,-120,-130,-72,-106,-41,-254,-254,-203,-63,-188,-188,-188,-26,-22,0,0,0,0,0,0,0,0,0,0,0,0,0,-750,0,0,0,0,0,0,0,0,0,0,0,-704,0,0,0,0,0,0,0,0]} 1. d4 d5 2. Nf3 Nf6 3. c4 e6 {[%cal Be7e6,Be6d5][%mdl 32]} 4. Nc3 c5 5. cxd5 exd5 6. Bg5 Be6 7. Bxf6 Qxf6 8. e4 {D32: Tarrasch Defence: Sidelines and lines without g3.} dxe4 {8...dxe4 is better than 8...cxd4.} 9. Bb5+ Nc6 10. Nxe4 {White is slightly better.} (10. Qa4 $5 Rc8 11. Ne5 $14) 10... Qf5 {[#]} 11. Qe2 $146 (11. Qc2 $14) ({Predecessor:} 11. Bd3 Qd5 12. O-O cxd4 13. Neg5 Be7 14. Nxe6 fxe6 15. Re1 Bf6 16. Rc1 O-O 17. Bc4 {½-½ (48) Indjic,A (2604)-Horvath,D (2446) Chess.com INT 2020}) 11... Be7 $1 $11 12. Bd3 (12. dxc5 $11 Bxc5 13. O-O (13. Nxc5 Qxc5 14. O-O O-O $11)) 12... Qf4 $1 $15 (12... Nxd4 $2 13. Nxd4 Qg4 14. Bb5+ Kf8 15. Nxe6+ Qxe6 16. Bc4 $18) 13. dxc5 O-O (13... O-O-O $15 14. Rd1 Bxa2) 14. g3 (14. O-O $11) 14... Qh6 15. Qd2 Qxd2+ 16. Nfxd2 Nb4 17. Bc4 (17. Bb1 $1 $15) 17... Nc2+ $19 18. Ke2 Bxc4+ 19. Nxc4 Nxa1 20. Rxa1 Rac8 21. b4 b6 $1 22. a4 Rfd8 {[%cal Rb6c5]} 23. Rc1 bxc5 24. b5 Rd5 ({Better is} 24... Rd7 $19 25. f4 Re8) 25. Rc2 (25. Kf1 $17) 25... Re8 26. g4 (26. Rd2 $17 Rxd2+ 27. Kxd2) 26... Bd6 27. Ncxd6 Rxd6 {[%mdl 4096] Endgame KRR-KRN} 28. Rc4 Rd5 29. Ke3 g6 30. Kf4 Kg7 {Inhibits Nf6.} 31. Nxc5 Re2 32. Ne4 Ra2 33. h4 h6 34. Ke3 Ra3+ 35. Kf4 (35. Nc3 $17) 35... Rdd3 (35... Rd7 $19 36. Nc3 Rd3) 36. Ke5 $17 Ra2 (36... Rf3 $17 37. h5 Ra2 38. hxg6 fxg6) 37. g5 $2 (37. Rc7 $11) 37... Rf3 $1 38. Nd6 hxg5 (38... Re2+ $142 $1 39. Kd4 Rfxf2) 39. hxg5 Rfxf2 (39... Re2+ $1 $17 40. Kd4 Rfxf2) 40. Nc8 $2 {[#]} (40. Kd5 $1 $15) 40... Rad2 $1 $19 {And now ...Rf5+ would win.} 41. Nxa7 {[#]} Rf5+ $1 42. Ke4 Rxg5 43. Ke3 Ra2 (43... Rgd5 $19 44. b6 R5d3+ 45. Kf4 Rh2) 44. Nc6 $11 Rg3+ 45. Kd4 Rg4+ 46. Kc5 Rxc4+ 47. Kxc4 {Black must now prevent a5.} Rxa4+ {KR-KN} 48. Kc5 Ra1 49. b6 {Strongly threatening b7.} Rc1+ (49... Rb1 $5 50. Nb4 Re1 $11) 50. Kb5 $1 Rb1+ 51. Kc5 $2 {[%mdl 8192]} (51. Nb4 $11 Rh1 52. b7 Rh5+ 53. Kc4) 51... Kf6 $2 (51... f5 $19 52. Nb4 Rc1+ 53. Kd6 Rd1+ 54. Kc7 f4) 52. Nb4 {b7 is the strong threat.} Rh1 {Hoping for ...Ke5.} 53. b7 Rh8 54. Nc6 {Threatens to win with Kd6.} g5 55. Kd4 g4 56. Ke3 Kg5 57. b8=B $2 {[%mdl 8192]} (57. b8=Q $11 Rxb8 58. Nxb8) 57... Rxb8 $2 58. Nxb8 {The position is equal.} Kh4 59. Nc6 Kh3 60. Nd4 g3 61. Ke4 {Weighted Error Value: White=0.55/Black=0.29 (precise)} 1/2-1/2

[Event "HangZhou GM Tournament 2022"]
[Site "HangZhou"]
[Date "2022.03.28"]
[Round "2.2"]
[White "Ding, Liren"]
[Black "Xu, Xiangyu"]
[Result "1-0"]
[WhiteElo "2799"]
[BlackElo "2564"]
[Annotator "TA"]
[PlyCount "153"]
[EventDate "2022.03.28"]
[EventType "tourn"]
[EventCountry "CHN"]
[SourceTitle "playchess.com"]
[Source "ChessBase"]
[SourceQuality "1"]

{[%evp 9,153,18,22,23,22,12,11,20,15,14,37,18,14,0,40,40,32,39,52,59,47,43,50,8,87,89,96,97,103,68,78,82,104,95,117,118,158,137,126,114,127,127,113,99,118,111,111,106,277,237,237,246,238,150,308,305,428,257,226,229,259,61,63,40,37,37,50,48,31,13,9,3,26,26,26,27,27,33,33,33,60,44,31,26,27,8,8,8,81,81,71,70,70,64,54,8,20,20,34,35,34,8,56,56,70,70,67,0,30,0,81,0,0,0,0,0,29989,29990,29990,29962,29966,29967,29967,0,0,0,29967,29968,29968,29968,29969,29970,29968,29971,29967,29972,29971,29973,29972,29974,29974,29975,29974,29972,29956,29941]} 1. d4 Nf6 2. c4 g6 3. Nf3 Bg7 4. e3 O-O 5. Be2 b6 6. O-O {E60: King's Indian: Unusual lines and Fianchetto Variation without Nc3.} Bb7 7. Qc2 e6 8. b4 {The position is equal.} d6 9. Nc3 Nbd7 {[#]} 10. Ba3 $5 $146 {[%mdl 8] New and interesting.} ({Predecessor:} 10. Rd1 c5 11. Ba3 Qe7 12. Rab1 Rfd8 13. bxc5 dxc5 14. Nd2 Rac8 15. Nb3 Ba8 16. Nb5 {½-½ (57) Nakamura,H (2736)-Vachier Lagrave,M (2763) chess24.com INT 2021}) 10... c5 11. Rad1 Qb8 12. bxc5 dxc5 13. e4 {[%cal Be3e4,Be4e5][%mdl 32]} a6 {[%cal Ob6b5]} 14. e5 Nh5 15. Qc1 {Prevents Nf4. Hoping for g4.} Rd8 16. Rfe1 (16. g4 $14 cxd4 17. Bd6 $1) 16... cxd4 {[#]} (16... Qc7 $1 $11 {keeps the balance.}) 17. Bd6 $1 $36 {[%mdl 2048] Black is under strong pressure.} Qc8 18. Rxd4 f6 {[%cal Rf6e5]} 19. exf6 Bxf6 20. Rdd1 $1 Qc6 21. Bf1 $1 Nc5 {[#] Inhibits Ne4.} 22. Ne5 $1 Qe8 (22... Bxe5 23. Bxe5) 23. Qe3 Rac8 24. Be2 {Black must now prevent Bxh5.} Bg7 25. Bxh5 gxh5 26. f3 Nd7 27. Ne2 {White is much more active.} b5 28. c5 Nf6 $2 (28... Nxe5 $16 {was necessary.} 29. Bxe5 Rxd1 30. Rxd1 Bf8) 29. Nf4 {Pair of Knights!} Nd5 30. Nxd5 Bxd5 31. a3 h6 $2 (31... Bxe5 $16 32. Qg5+ (32. Bxe5 Qg6 $16) 32... Bg7 33. Rxd5 Qf7) 32. Rd4 $18 Bf8 (32... Bxe5 {is a better defense.} 33. Qxe5 Qg6) 33. Bxf8 Qxf8 34. c6 Rc7 35. Nd7 $2 (35. Rh4 $18) 35... Qg7 $14 36. Rf4 {Nf6+ is the strong threat.} Rxc6 37. Nf6+ Kh8 {[%cal Oe6e5]} 38. Nxh5 Qc3 39. Qf2 Rdc8 40. Rf7 {next Nf6 is good for White.} Kg8 41. Ra7 Qxe1+ 42. Qxe1 {White wants to mate with Qg3+.} Rc1 43. Qxc1 Rxc1+ $11 {[%mdl 4096] Endgame KRB-KRN} 44. Kf2 Rc2+ 45. Kg3 Bc4 $1 46. Rxa6 Bf1 $1 47. Ra8+ Kf7 48. Ra7+ Kf8 (48... Kg8 $1 $11) 49. Nf4 $16 e5 50. Ng6+ Kg8 51. Nh4 Ra2 {[%cal Ob5b4]} 52. Ra5 (52. Re7 $14) 52... Kf7 53. Kg4 Bxg2 54. Rxb5 e4 55. f4 Bh1 (55... Bf1 $1 $11 56. Rb7+ Kf6) 56. Rb7+ $14 Kf6 57. Rb6+ Kf7 58. Rb7+ Kf6 $1 59. Rb6+ ({White should try} 59. Rb1 $11 Bf3+ 60. Nxf3 exf3 61. Rb6+ (61. Kxf3 Rxa3+ 62. Kg4 h5+ 63. Kxh5 Kf5 $11) 61... Kg7 62. Kxf3) 59... Kf7 $16 60. Ng6 (60. Rb1 $16 Bf3+ 61. Nxf3 exf3 62. Kxf3) 60... e3 $11 61. Ne5+ Kg7 62. f5 {Strongly threatening f6+.} e2 $2 {[%mdl 8192]} (62... Bd5 $11) 63. f6+ Kh7 64. Rd6 ({Weaker is} 64. Rb1 Bd5 $16) 64... e1=Q 65. Rd7+ Kg8 66. Rd8+ Kh7 {Threatens to win with ...Qe4+.} 67. Rd7+ Kg8 {And now ...Qe4+ would win.} 68. Rg7+ {White mates.} Kf8 69. Ng6+ Ke8 70. f7+ Kd7 71. f8=Q+ Kc6 72. Qc8+ Kb5 73. Qb8+ Kc5 {[#]} 74. Rc7+ $1 Bc6 {[#]} 75. Rxc6+ $1 {[%mdl 512]} Kxc6 76. Ne5+ Kd5 77. Qb7+ {Weighted Error Value: White=0.22 (precise) /Black=0.19 (very precise)} 1-0

[Event "HangZhou GM Tournament 2022"]
[Site "HangZhou"]
[Date "2022.03.28"]
[Round "3.1"]
[White "Xu, Xiangyu"]
[Black "Li, Di"]
[Result "1/2-1/2"]
[WhiteElo "2564"]
[BlackElo "2579"]
[Annotator "TA"]
[PlyCount "65"]
[EventDate "2022.03.28"]
[EventType "tourn"]
[EventCountry "CHN"]
[SourceTitle "playchess.com"]
[Source "ChessBase"]
[SourceQuality "1"]

{[%evp 16,65,0,0,3,0,22,10,11,13,7,6,14,8,8,12,6,1,2,0,6,0,1,0,7,0,0,0,1,0,0,0,0,0,0,0,25,29,50,50,50,50,50,50,52,8,8,8,8,8,8,0]} 1. e4 e5 2. Nf3 Nc6 3. d4 exd4 4. Nxd4 Nf6 5. Nc3 Bb4 6. Nxc6 bxc6 7. Bd3 {[%cal Bf1d3,Bd3e4,Be4c6][%mdl 32]} O-O 8. O-O d5 9. Bd2 Bxc3 {C47: Scotch Four Knights and Four Knights with 4 g3.} 10. Bxc3 dxe4 $1 {[%mdl 4] now scores much better than the old 10...Nxe4.} 11. Bxf6 Qxf6 12. Bxe4 Qxb2 13. Bxc6 Rb8 14. Rb1 Qxb1 15. Qxb1 Rxb1 16. Rxb1 $11 {[%mdl 4096] Endgame KRB-KRB} Rd8 17. Bf3 Kf8 18. Rb8 {[%cal Of3g4] [#]} Ke7 $146 ({Predecessor:} 18... Re8 19. h4 Ba6 20. Rb3 Re5 21. Rc3 Re7 22. Ra3 Re6 23. Bd5 Rb6 24. Bb3 c5 {1-0 (64) Karjakin,S (2743)-Vidit,S (2727) Wijk aan Zee 2022}) 19. Ra8 Bf5 20. Rxa7 Kd7 21. Ra5 Rb8 {[#] ( -> ...Rb1+)} 22. h4 Rb1+ 23. Kh2 Bxc2 24. Rd5+ Ke6 25. Rc5 {[%csl LRc2,LRc7]} Rb2 (25... Bd1 $5 {[%cal Rd1f3]}) 26. Rxc7 Rxa2 {[#]} 27. Rxf7 $1 Kxf7 28. Bd5+ Kf6 29. Bxa2 h6 30. f4 (30. Kg3 $14) 30... g5 {The position is equal.} 31. fxg5+ hxg5 32. hxg5+ Kxg5 33. g4 {Weighted Error Value: White=0.03 (flawless) /Black=0.04 (flawless)} 1/2-1/2

[Event "HangZhou GM Tournament 2022"]
[Site "HangZhou"]
[Date "2022.03.28"]
[Round "3.2"]
[White "Bai, Jinshi"]
[Black "Ding, Liren"]
[Result "0-1"]
[WhiteElo "2593"]
[BlackElo "2799"]
[Annotator "TA"]
[PlyCount "92"]
[EventDate "2022.03.28"]
[EventType "tourn"]
[EventCountry "CHN"]
[SourceTitle "playchess.com"]
[Source "ChessBase"]
[SourceQuality "1"]

{[%evp 25,92,22,26,-23,-6,-23,-18,-22,-4,-29,0,0,0,-6,0,-21,-16,-34,0,0,0,-4,0,0,-9,-10,-10,-15,135,127,131,122,112,-79,-70,-76,-65,-68,-66,-66,-66,-67,-60,-91,-41,-110,-94,-137,-135,-240,-240,-208,-152,-320,-318,-296,-225,-525,-525,-510,-152,-502,-500,-922,-885,-925,-905,-716,-694]} 1. d4 Nf6 2. Nf3 d5 3. c4 e6 4. Nc3 Bb4 5. Bg5 Nbd7 6. e3 c5 7. cxd5 exd5 8. Bd3 c4 9. Bf5 Qa5 10. Qc2 O-O 11. O-O Re8 12. Nd2 g6 13. Bxd7 Nxd7 14. Rfe1 {D38: Queen's Gambit Declined: Ragozin Defence (4 Nf3 Bb4).} (14. e4 $142) 14... Nb6 $11 15. f3 Bd7 16. a3 {The position is equal.} Bxc3 17. bxc3 Na4 18. Rac1 Re6 {Black wants to play ...Rb6.} 19. Bf4 {[%cal Bg5f4,Bf4g3,Bg3e5][%mdl 32] [#]} Nb6 $5 $146 {[%mdl 8] An interesting novelty.} ({Predecessor:} 19... Rae8 20. e4 b5 21. e5 f6 22. Nf1 fxe5 23. Rxe5 Rxe5 24. Bxe5 Nc5 25. dxc5 Rxe5 {½-½ (32) Civitillo,A (2502)-Santana Penate,G (2590) ICCF email 2007}) 20. Qb2 Rae8 21. e4 dxe4 (21... Bc6 $5 {[%cal Rd5e4]}) 22. fxe4 (22. Nxe4 $2 f5 23. Qb1 fxe4 $19) 22... Bc6 {[%cal Rc6e4]} 23. e5 f6 24. Bg3 fxe5 25. Rxe5 Rxe5 26. Bxe5 Nd7 ({Much less strong is} 26... Rxe5 27. dxe5 Qc5+ 28. Kh1) (26... Qd5 $11 27. Nf3 Qa5) 27. Nxc4 $16 Qd5 28. Ne3 Qe6 29. c4 $2 {[#]} (29. Bf4 $16 {is necessary to keep the advantage.}) 29... Nxe5 $17 30. dxe5 Qxe5 31. Qxe5 Rxe5 {[%mdl 4096] Endgame KRB-KRN} 32. Kf2 Kf7 33. Rd1 Ke6 34. Rd3 Ra5 (34... Rc5 $17) 35. h4 (35. Nc2 $15) 35... Be4 36. Rb3 ({White should try} 36. Rd8 Ke5 37. Kg3) 36... Ke5 37. Nd5 (37. Nf1 $17 {was worth a try.}) 37... Bxd5 $19 38. cxd5 {KR-KR} b6 ({Inferior is} 38... Rxd5 39. Rxb7 Ra5 40. Rxh7 $11) 39. Ke2 $2 (39. h5 $17) 39... Kxd5 ({Stronger than} 39... Rxd5 40. g3 $17) 40. Rf3 Kc4 {Hoping for ...Re5+.} 41. g4 $2 (41. Re3) 41... Re5+ 42. Kd2 Re7 {Inhibits Rf7.} (42... Re4 $19 {and Black stays clearly on top.} 43. Rc3+ Kb5) 43. Rc3+ $2 {White does not recover from this.} (43. h5 $17 {is tougher.}) 43... Kb5 {[#] And now ...Ka4 would win. Black is clearly winning.} 44. Kd3 (44. Kc1 $142 Re4 45. Rg3) 44... Ka4 45. Kd4 a5 46. Rc6 b5 {Weighted Error Value: White=0.72/Black=0.34} 0-1

[Event "HangZhou GM Tournament 2022"]
[Site "HangZhou"]
[Date "2022.03.29"]
[Round "4.1"]
[White "Li, Di"]
[Black "Ding, Liren"]
[Result "0-1"]
[WhiteElo "2579"]
[BlackElo "2799"]
[Annotator "TA"]
[PlyCount "104"]
[EventDate "2022.03.28"]
[EventType "tourn"]
[EventCountry "CHN"]
[SourceTitle "playchess.com"]
[Source "ChessBase"]
[SourceQuality "1"]

{[%evp 18,104,15,16,11,6,12,16,14,7,0,7,7,0,3,3,2,9,4,6,8,4,4,1,4,5,6,7,9,8,12,0,0,0,0,0,4,3,6,4,13,0,0,0,0,0,0,0,0,-9,-13,-33,-38,-64,-64,-58,-60,-105,-106,-105,-59,-120,-93,-84,-31,-79,-79,-211,-213,-221,-216,-227,-222,-221,-210,-200,-210,-211,-212,-216,-213,-272,-266,-275,-259,-295,-292,-254,-252]} 1. d4 Nf6 2. c4 e6 3. Nf3 d5 4. Nc3 Bb4 5. Bg5 h6 6. Bxf6 Qxf6 7. e3 O-O 8. Rc1 dxc4 9. Bxc4 c5 10. O-O cxd4 {D38: Queen's Gambit Declined: Ragozin Defence (4 Nf3 Bb4).} 11. Ne4 Qf5 12. Ng3 Qa5 {The position is equal.} 13. exd4 Rd8 14. Qe2 Nd7 {[#]} 15. a3 $146 ({Predecessor:} 15. Rfd1 Nf6 16. Ne5 Bd7 17. f4 Be8 18. f5 exf5 19. Nxf5 Rac8 20. Qf3 Bf8 21. Nxh6+ gxh6 22. Qxf6 Bg7 23. Bxf7+ Kh8 24. Ng6+ Kh7 25. Nf8+ {1-0 (25) Tabatabaei,M (2577)-Aravindh,C (2617) Moscow 2018}) 15... Bf8 16. Rfd1 Nf6 {Inhibits d5.} 17. Ne4 Be7 18. Ne5 Bd7 19. Nc5 Bxc5 20. dxc5 Be8 21. Qe3 Rxd1+ 22. Rxd1 Rd8 23. Rxd8 Qxd8 24. Qd3 {Inhibits Qd1+.} Qc7 {[%csl LRc5,LRe5]} 25. Qd4 b6 26. b4 Nd7 27. Nd3 bxc5 28. bxc5 Kf8 29. h4 e5 30. Qd5 e4 31. Qxe4 {aiming for Bb5.} Nxc5 32. Qd4 Nb7 33. Bd5 Nd6 34. Qf4 Nb5 35. Ne5 {[%cal Od5f7]} f6 36. Qb4+ Qe7 37. Nd3 (37. Nf3 $15) 37... Qxb4 $17 38. axb4 {[%mdl 4096] Endgame KBN-KBN} Ke7 (38... Nc3 $17 39. Bc4 Bf7) 39. f3 (39. Kf1 $15) 39... Nd4 40. Kf2 Bb5 (40... Kd6 $17 41. Bc4 Nc6) 41. Nc1 (41. Ne1 $1 $15 {is more appropriate.}) 41... Kd6 42. Bf7 {This costs White the game.} (42. Be4 $17 {was the only defense.}) 42... Ke5 $19 43. Na2 Ne2 {Prevents Nc3.} 44. Ke3 f5 45. g3 {[#]} f4+ $1 ({Stronger than} 45... Nxg3 46. f4+ Kf6 47. Nc3 $17) 46. gxf4+ Nxf4 47. Nc3 Bc6 48. h5 Ng2+ 49. Kf2 Nh4 {Black has a decisive advantage.} 50. b5 Bd7 ({Not} 50... Bxf3 51. Kg3 Kf6 52. Be8 $17) 51. Ke3 Nf5+ 52. Kd3 Nd6 {[%csl LRb5,LRf7] Weighted Error Value: White=0.13 (very precise) /Black=0.03 (flawless)} 0-1

[Event "HangZhou GM Tournament 2022"]
[Site "HangZhou"]
[Date "2022.03.29"]
[Round "4.2"]
[White "Bai, Jinshi"]
[Black "Xu, Xiangyu"]
[Result "1/2-1/2"]
[WhiteElo "2593"]
[BlackElo "2564"]
[Annotator "TA"]
[PlyCount "70"]
[EventDate "2022.03.28"]
[EventType "tourn"]
[EventCountry "CHN"]
[SourceTitle "playchess.com"]
[Source "ChessBase"]
[SourceQuality "1"]

{[%evp 17,70,47,52,22,17,17,20,24,25,27,29,23,22,22,22,0,38,37,37,32,34,20,22,25,14,0,0,0,0,-6,-6,-6,-6,-13,0,0,0,0,0,0,0,0,0,0,0,-6,-6,-6,0,0,0,-6,0,0,0]} 1. d4 Nf6 2. c4 g6 3. Nc3 d5 4. Bf4 Bg7 5. e3 O-O 6. cxd5 Nxd5 7. Nxd5 Qxd5 8. Bxc7 Nc6 9. Ne2 Bg4 {9...Bf5 is more fashionable.} 10. h3 {D84: Grünfeld: 4 Bf4 Bg7 5 e3 0-0 6 cxd5.} (10. f3 $5 {[%cal Rf3g4]} Rac8 {[#]} 11. Nc3 $1 $16 (11. Nf4 Qd7 $15)) 10... Bxe2 11. Bxe2 {[%cal Bf1e2,Be2f3,Bf3g2,Bg2c6,Bc6a4,Ba4b3][%mdl 32]} ({Worse is} 11. Qxe2 Rac8 12. Bf4 Qa5+ 13. Qd2 Nb4 $19) 11... Qxg2 12. Bf3 Qg5 13. Qb3 Qf5 14. Bg2 {A strong pair of Bishops.} Rac8 15. Qxb7 Qd7 16. Bxc6 Qxc7 17. Qxc7 Rxc7 18. Ba4 Rb8 {[#]} 19. Bb3 $146 ({Predecessor:} 19. b3 Rc2 20. O-O Bf6 21. Rfc1 Rbc8 22. Rxc2 Rxc2 23. b4 {½-½ (23) Bai,J (2586)-Kasimdzhanov,R (2698) Chengdu 2017}) 19... e5 20. d5 e4 21. Ke2 {The position is equal.} Bxb2 22. Rab1 Be5 23. Rhc1 Rbc8 24. Rxc7 Rxc7 $11 {[%mdl 4096] Endgame KRB-KRB} 25. Ba4 Rc4 26. Bb3 Rc5 27. d6 Bxd6 28. Rd1 Rc6 29. Rd4 Kg7 30. Rxe4 Rc7 31. f4 Bc5 32. Rc4 Bd6 33. Rd4 Bc5 34. Rc4 Bd6 35. Rd4 Bc5 {Weighted Error Value: White=0.04 (flawless) /Black=0.03 (flawless)} 1/2-1/2

[Event "HangZhou GM Tournament 2022"]
[Site "HangZhou"]
[Date "2022.03.30"]
[Round "5.1"]
[White "Li, Di"]
[Black "Xu, Xiangyu"]
[Result "1/2-1/2"]
[WhiteElo "2579"]
[BlackElo "2564"]
[Annotator "TA"]
[PlyCount "50"]
[EventDate "2022.03.28"]
[EventType "tourn"]
[EventCountry "CHN"]
[SourceTitle "playchess.com"]
[Source "ChessBase"]
[SourceQuality "1"]

{[%evp 12,50,13,17,17,16,22,14,18,10,15,12,11,14,11,4,0,0,0,0,0,0,0,0,0,-14,0,-9,-16,-10,-12,-22,-4,-21,0,-39,0,-19,0,-26,0]} 1. d4 d5 2. c4 c6 3. Nf3 Nf6 4. Nc3 dxc4 5. a4 e6 6. e3 c5 7. Bxc4 Nc6 {7...cxd4 gains popularity. D16: Slav Defence: 5 a4: Lines with 5...Bg4 and 5...Na6.} 8. O-O Be7 {[%cal Bf8e7,Be7c5,Bc5b4][%mdl 32]} 9. dxc5 Qxd1 {The position is equal.} 10. Rxd1 Bxc5 11. Nd2 {[#]} O-O $146 ({Predecessor:} 11... Ke7 12. Nb3 Bb4 13. f3 Rd8 14. Rxd8 Kxd8 15. e4 Bd7 16. Be3 Na5 17. Nxa5 Bxa5 {1-0 (60) Sarana,A (2636)-Schekachikhin,M (2416) Khanty-Mansiysk 2020}) 12. Nb3 Bb4 13. Bd2 Rd8 14. Ne4 {[#] Threatens to win with Bxb4.} Be7 15. Nxf6+ Bxf6 16. Bc3 Bxc3 17. bxc3 Kf8 18. Bb5 Ke7 19. a5 Rxd1+ 20. Rxd1 Rb8 21. Rb1 Nd8 22. Rd1 Nc6 23. Rb1 Nd8 24. Rd1 Nc6 25. Rb1 Nd8 {An uneventful encounter.  Weighted Error Value: White=0.04 (flawless) /Black=0.06 (flawless)} 1/2-1/2